|
|
|
|
| LEADER |
00000nam a2200000 i 4500 |
| 001 |
1/77469 |
| 008 |
960527s1987 gre d |
| 035 |
|
|
|a 1989
|b 2
|c Δωρεά
|l 10032668
|
| 040 |
|
|
|a GR-MY-UA
|b gre
|e aacr
|
| 041 |
0 |
|
|a gre
|
| 082 |
0 |
|
|a 636
|
| 100 |
1 |
|
|a Αργυράκης, Ιωσήφ.
|
| 245 |
1 |
0 |
|a Χοιροτροφία-κονικλοτροφία-γουνοφόρα ζώα :
|b Γ' τάξη τεχνικού-επαγγελματικού λυκείου τομέας ζωικής παραγωγής /
|c Ιωσήφ Αργυράκης, Ιωάννης Ματσούκας
|
| 260 |
|
|
|a Αθήνα :
|b Ο.Ε.Δ.Β.,
|c 1987
|
| 300 |
|
|
|a 323 σ.
|
| 650 |
0 |
0 |
|a Swine
|x Breeding.
|
| 650 |
0 |
0 |
|a Rabbits
|x Breeding.
|
| 650 |
0 |
0 |
|a Fur farming.
|
| 700 |
1 |
|
|a Ματσούκας, Ιωάννης.
|
| 852 |
|
|
|a INST
|b RHODES
|e 19960527
|h 636 ΑΡΓ
|p 005400003327
|q 005400003327
|t BK
|y 620
|
| 852 |
|
|
|a INST
|b RHODES
|e 19960527
|h 636 ΑΡΓ
|p 005400003328
|q 005400003328
|t BK
|y 620
|
| 852 |
|
|
|a INST
|b RHODES
|e 19960527
|h 636 ΑΡΓ
|p 005400003329
|q 005400003329
|t BK
|y 0
|
| 909 |
|
|
|a Ρ
|b 014358
|c 1989
|
| 909 |
|
|
|a Ρ
|b 014359
|c 1989
|
| 909 |
|
|
|a Ρ
|b 014360
|c 1989
|